| 000 | 01706nam a22002417a 4500 | ||
|---|---|---|---|
| 999 |
_c58844 _d58844 |
||
| 003 | Ge_BSU | ||
| 005 | 20221007111702.0 | ||
| 008 | 221007s2007 ge ||||| |||| 00| 0 geo d | ||
| 020 | _a978992892558 | ||
| 041 | _ageo | ||
| 080 | _a1(430) ი-76 | ||
| 245 |
_aნიცშე საქართველოში : _bეძღვნება თამაზ ბუაჩიძის ნათელ ხსოვნას / _c[ფილოსოფ. ინ-ტი, ქართ. და უცხ. ფილოს. ისტ. განყ-ბა, გრ. რობაქიძის უნ-ტის ჰუმანიტ. და სოც.-პოლიტ. მეცნ. ფაკ., შოთა რუსთაველის სახელმწ. უნ-ტი, ფილოსოფ. დეპარტამენტი] ; რედ.-შემდგ. თენგიზ ირემაძე ; [რედ.: ლალი ზაქარაძე და სხვ.]. |
||
| 264 |
_aთბ. : _bარხე : [ალექსანდრე ალადაშვილი], _c2007. |
||
| 300 |
_a244 გვ. ; _b20 სმ. |
||
| 490 |
_aფილოსოფია, სოციოლოგია, _vმედიის თეორია ; 1 |
||
| 501 | _aსახ. საძ.: გვ. 235-238. | ||
| 504 | _aბიბლიოგრ. ტექსტ. შენიშვნ. და გვ. 204-234. | ||
| 653 | _aნიცშე, ფრიდრიხ | ||
| 653 | _aნიცშე, ფრიდრიხ. | ||
| 653 | _aქართველი ფილოსოფოსები | ||
| 700 |
_aირემაძე, თენგიზ _eრედ.-შემდგ _92229 |
||
| 942 |
_2udc _cBK |
||